000 00598nam a22001937a 4500
005 20251108165022.0
008 250721s9999 xx 000 0 ara d
082 1 4 _a927.8/زكر
100 1 _aأبو المجد، صبري
245 1 0 _aزكريا أحمد /
264 1 _aالقاهرة :
_bالمؤسسة المصرية العامة للتأليف و الترجمة و النشر،
_c[19-].
300 _a397ص
490 0 _aسلسلة أعلام العرب ؛ 19
650 1 7 _aالتراجم
650 1 7 _aالموسيقيون
650 1 7 _aمصر
942 _2ddc
_cBK
999 _c20044
_d20044